00434 2200169 4500001002100000005001500021008004100036035001900077041000700096082000800103090001200111100001200123245002600135260007000161300001800231650001500249INLIS00000000001562120241224114953241224||||||||| | ||| |||| || |  0010-1224015621 aid0 a813 a813 DIN0 aSopudin00aPIKNIK KA SITU GUNUNG aSukabumibDinas Pendidikan dan Kebudayaa Kabupaten Sukabumic2003 a39hlm;16x24cm 0afiksi anak